| 000 | 00356 a2200133 4500 | ||
|---|---|---|---|
| 005 | 20250430095422.0 | ||
| 020 | _a85258 136 X | ||
| 082 | _a658.007 DEV | ||
| 100 | _aDEVERELL, C.S. | ||
| 245 | _aManagement Studies: Examination Questions and Suggested Answers. | ||
| 260 |
_aLondon, _bGee & Co LTD, _c1974. |
||
| 300 |
_a210p.: ill.; _c21cm |
||
| 942 |
_2ddc _cBKS |
||
| 999 |
_c1805 _d1805 |
||